[Event "Foment Martinenc op-C 20th"]
[Site "Barcelona"]
[Date "2018.06.02"]
[Round "7"]
[White "Garcia Pitarch, Raul"]
[Black "Mestres Vilahur, Lluis"]
[Result "1-0"]
[WhiteElo "1609"]
[BlackElo "1779"]
[PlyCount "91"]
[EventDate "2018.04.21"]
[EventType "swiss"]
[EventRounds "9"]
[EventCountry "ESP"]
[SourceTitle "CBM 184 Extra"]
[Source "ChessBase"]
[SourceDate "2018.06.28"]
[SourceVersion "1"]
[SourceVersionDate "2018.06.28"]
[SourceQuality "1"]

1. d4 c5 2. c3 d5 3. Bf4 e6 4. e3 a6 5. Nf3 Nf6 6. h3 c4 7. Nbd2 Bd6 8. Ne5 b5 9. Ndf3 Ne4 10. Be2 Qc7 11. 0-0 f6 12. Ng4 Bxf4 13. exf4 Qxf4 14. Ne1 0-0 15. Nc2 a5 16. a3 Nc6 17. f3 Ng3 18. Re1 Ne7 19. Nce3 Nef5 20. Qc1 Nxe3 21. Nxe3 Qg5 22. Bd1 Nh5 23. Bc2 Nf4 24. Kh2 e5 25. dxe5 fxe5 26. Qd2 Bb7 27. Rad1 Rad8 28. Ng4 Rfe8 29. g3 Ne6 30. Rxe5 Qxd2+ 31. Rxd2 h6 32. Rde2 Bc6 33. Rxe6 Rxe6 34. Rxe6 Ba8 35. Ra6 d4 36. Rxa5 Re8 37. Bd1 d3 38. Rxb5 Re1 39. Rb8+ Kh7 40. Nf2 Bd5 41. a4 Re3 42. a5 Bxf3 43. Bxf3 Rxf3 44. Kg2 Re3 45. a6 Re1 46. a7 1-0

[Event "Foment Martinenc op-C 18th"]
[Site "Barcelona"]
[Date "2016.06.18"]
[Round "9"]
[White "Mestres Vilahur, Lluis"]
[Black "Espejo Arnau, Sergi"]
[Result "0-1"]
[WhiteElo "1729"]
[BlackElo "1834"]
[PlyCount "46"]
[EventDate "2016.04.23"]
[EventType "swiss"]
[EventRounds "9"]
[EventCountry "ESP"]
[SourceTitle "EXT 2017"]
[Source "ChessBase"]
[SourceDate "2016.10.25"]
[SourceVersion "1"]
[SourceVersionDate "2016.10.25"]
[SourceQuality "1"]

1. e4 c5 2. Nf3 g6 3. Nc3 Bg7 4. g3 Nc6 5. Bg2 Nf6 6. d3 d5 7. exd5 Nxd5 8. Nxd5 Qxd5 9. 0-0 0-0 10. Ng5 Qd8 11. c3 Bf5 12. Ne4 Bxe4 13. Bxe4 f5 14. Bxc6 bxc6 15. Be3 Qd6 16. Bf4 e5 17. Qb3+ Kh8 18. Be3 f4 19. Bd2 Qd7 20. f3 Qxd3 21. Rad1 fxg3 22. Bh6 gxh2+ 23. Kxh2 Qe2+ 0-1

[Event "Foment Martinenc op-C 18th"]
[Site "Barcelona"]
[Date "2016.05.14"]
[Round "4"]
[White "Ros Cuadrado, Tomas"]
[Black "Mestres Vilahur, Lluis"]
[Result "0-1"]
[WhiteElo "1813"]
[BlackElo "1729"]
[PlyCount "74"]
[EventDate "2016.04.23"]
[EventType "swiss"]
[EventRounds "9"]
[EventCountry "ESP"]
[SourceTitle "EXT 2017"]
[Source "ChessBase"]
[SourceDate "2016.10.25"]
[SourceVersion "1"]
[SourceVersionDate "2016.10.25"]
[SourceQuality "1"]

1. c4 e6 2. g3 Nf6 3. Bg2 c6 4. Nc3 d5 5. cxd5 cxd5 6. Nf3 a6 7. 0-0 b5 8. a3 Bb7 9. d3 Nbd7 10. b4 Rc8 11. Bb2 g6 12. Re1 Bg7 13. Qd2 0-0 14. e4 Nb6 15. e5 Nfd7 16. Rab1 Qc7 17. Qf4 h6 18. h4 Rfd8 19. Rbc1 Qb8 20. Ne2 Na4 21. Bd4 Rxc1 22. Nxc1 Rc8 23. Nb3 Rc2 24. Rc1 Rxc1+ 25. Qxc1 Nxe5 26. Bxe5 Bxe5 27. Nxe5 Qxe5 28. Qxh6 Nb2 29. Nc5 Qe1+ 30. Bf1 Bc8 31. Qg5 Kg7 32. Qd8 Nd1 33. Ne4 dxe4 34. Qd4+ f6 35. Qa7+ Kh6 36. dxe4 e5 37. Qb6 Bh3 0-1

[Event "Barcelona Catalunya op 26th"]
[Site "Barcelona"]
[Date "2014.11.01"]
[Round "5"]
[White "Mestres Vilahur, Lluis"]
[Black "Maspoch Vila, Marc"]
[Result "0-1"]
[WhiteElo "1767"]
[BlackElo "1991"]
[PlyCount "66"]
[EventDate "2014.09.27"]
[EventType "swiss"]
[EventRounds "9"]
[EventCountry "ESP"]
[SourceTitle "EXT 2017"]
[Source "ChessBase"]
[SourceDate "2016.10.25"]
[SourceVersion "1"]
[SourceVersionDate "2016.10.25"]
[SourceQuality "1"]

1. e4 c6 2. d4 d5 3. e5 c5 4. c3 Nc6 5. Nf3 Bg4 6. Be2 e6 7. 0-0 Bxf3 8. Bxf3 cxd4 9. cxd4 Qb6 10. b3 Qxd4 11. Qxd4 Nxd4 12. Bd1 Ne7 13. Bb2 Nec6 14. Nd2 Bc5 15. Rc1 b6 16. Nf3 0-0 17. a3 Nxf3+ 18. Bxf3 Rac8 19. b4 Bd4 20. Bxd4 Nxd4 21. Bg4 Nc2 22. f4 Ne3 23. Rxc8 Rxc8 24. Re1 Nxg4 25. h3 Nh6 26. g4 Rc4 27. f5 Kf8 28. fxe6 fxe6 29. Rf1+ Ke7 30. Rf3 Nf7 31. Re3 Rc2 32. h4 d4 33. Rd3 Nxe5 0-1

[Event "Barcelona Primavera La Lira op 6th"]
[Site "Barcelona"]
[Date "2013.05.30"]
[Round "8"]
[White "Mestres Vilahur, Lluis"]
[Black "Aubeso Duch, Miquel"]
[Result "1-0"]
[WhiteElo "1700"]
[BlackElo "1351"]
[PlyCount "53"]
[EventDate "2013.04.11"]
[EventType "swiss"]
[EventRounds "9"]
[EventCountry "ESP"]
[SourceTitle "CBM 154 Extra"]
[Source "ChessBase"]
[SourceDate "2013.06.25"]
[SourceVersion "2"]
[SourceVersionDate "2013.06.25"]
[SourceQuality "1"]

1. e4 e5 2. Nf3 Nc6 3. Bc4 Nf6 4. Ng5 Qe7 5. Bxf7+ Kd8 6. Bb3 h6 7. Nf7+ Ke8 8. Nxh8 Nd8 9. Ng6 Qd6 10. Nxf8 Qxf8 11. d3 d6 12. h3 Nc6 13. Be3 Bd7 14. Nc3 Ne7 15. Qe2 c6 16. 0-0 h5 17. f4 Qh8 18. fxe5 Qh7 19. exf6 gxf6 20. Rxf6 d5 21. Raf1 Ng6 22. exd5 Kd8 23. Bg5 Kc7 24. d6+ Kb6 25. Na4+ Kb5 26. d4+ Ka5 27. Bd2# 1-0

[Event "Barcelona Primavera La Lira op 6th"]
[Site "Barcelona"]
[Date "2013.05.09"]
[Round "5"]
[White "Alquezar Calpena, Marc"]
[Black "Mestres Vilahur, Lluis"]
[Result "1-0"]
[WhiteElo "1803"]
[BlackElo "1700"]
[PlyCount "95"]
[EventDate "2013.04.11"]
[EventType "swiss"]
[EventRounds "9"]
[EventCountry "ESP"]
[SourceTitle "CBM 154 Extra"]
[Source "ChessBase"]
[SourceDate "2013.06.25"]
[SourceVersion "2"]
[SourceVersionDate "2013.06.25"]
[SourceQuality "1"]

1. e4 c5 2. Nf3 Nc6 3. d4 cxd4 4. Nxd4 d6 5. Be3 a6 6. Nc3 Nf6 7. f3 e6 8. Bc4 Bd7 9. Qd2 Rc8 10. Nxc6 Bxc6 11. Bb3 Be7 12. 0-0 0-0 13. a4 Qd7 14. a5 Rfd8 15. Na4 Rb8 16. Ba7 Qe8 17. Bxb8 Rxb8 18. Nb6 Nd7 19. Nc4 d5 20. exd5 Bxd5 21. Kh1 Bf6 22. Nd6 Qe7 23. Nc4 Rc8 24. Rad1 Bxc4 25. Bxc4 Ne5 26. Bb3 Nc6 27. Ba4 Nb4 28. Qd7 Qc5 29. c3 Nd5 30. Rfe1 b5 31. Rxd5 exd5 32. Bb3 Rd8 33. Re8+ Rxe8 34. Qxe8+ Qf8 35. Qxf8+ Kxf8 36. Bxd5 Bd8 37. Bb7 Bxa5 38. Bxa6 b4 39. c4 Ke7 40. Kg1 Kd6 41. Kf2 Bb6+ 42. Ke2 Ke5 43. Kd3 f5 44. Bc8 g5 45. Kc2 f4 46. Kb3 h6 47. Kxb4 Kd4 48. Kb5 1-0